MDQL
is popping MORE tags! Check the
thread
!
Quizzes
Events
Quiz Creation
Community
Videos
Private Events
Remove Ads
Sign In
Join for FREE
Feedback
Dark Mode
Quiz Categories
Sports
Geography
Music
Movies
Television
Just For Fun
Miscellaneous
History
Literature
Language
Science
Gaming
Entertainment
Religion
Holiday
For Kids
Quiz Lab
Recent
Popular Today
Quiz Kudos Today
Editor Picks
Curator Picks
Quizzes by...
Day
Popularity
Type
Ratings
Length
Year
Community
Subscriptions
Recent Discussions
Orange Saloon
Badges
Playlists
Quests
Create
Leaderboards
Showdown
Live 5
Trivia Bingo
Activity
Puzzle Library
Sporcle Events
Private Events
Virtual Trivia
Globe League
Become a Host
Pub Owners
SporcleCon
Opinionation
Our Games
Videos
Blog
Mobile Apps
Partnerships
Remove Ads and Go Orange
Feedback
Gaming
Video Games
Board Games
Card Games
Pokémon
Mario
Nintendo
Minecraft
Console
Toys
Legend of Zelda
Gaming
Video Games
Board Games
Card Games
Pokémon
Mario
Nintendo
Minecraft
Console
Toys
Legend of Zelda
Random Quiz
Search Sporcle
×
Quiz Lab
Quiz Lab
Gaming
Letter
Type in answers that appear in a list
Type in answers that appear in a list
Classic
Best Score? Go Orange.
A-Z Games Stats
Can you name the following games by their description?
By
Shep
8m
26 Questions
38 Plays
38 Plays
38 Plays
Comments
Comments
Give Quiz Kudos
Give Quiz Kudos
-
- Ratings
hide this ad
More Info
Forced Order
Answers have to be entered in order
Answers have to be entered in order
Replay
Link that replays current quiz
Next Quiz
Link to next quiz in quiz playlist
You Got
0%
They Got
Avg Score
36%
Avg Friend Score
Upgrade to see
Score Distribution
Jump to the score distribution portion of the page
Score
0/26
Timer
08:00
0
Plays Today
Description
Game
% Correct
Ready or not, here I come (P/
S)
Hide and seek
81.6%
Shake a box and form words (B)
Boggle
78.9%
Draw Four (C)
Uno
71.1%
Named for a shakespearean play (B)
Othello
68.4%
Right hand green! (B)
Twister
65.8%
Bump, set spike! (P/
S)
Volleyball
65.8%
I want the green car! (B)
Life
60.5%
Look both ways before you cross (V)
Frogger
55.3%
Aim for the birdie (P/
S)
Golf
44.7%
Baseball with a twist (P/
S)
Kickball
42.1%
I've got the need... (V)
Need for Speed
42.1%
Cortex and Kabuki Joe (V)
Crash Bandicoot
28.9%
7 People per side and 3 different balls (P/
S)
Quidditch
28.9%
Description
Game
% Correct
Swords, bombs and Boomerangs (V)
Zelda
28.9%
Played using red and green cards (C)
Apples to Apples
23.7%
Lances and Ostriches (V)
Joust
23.7%
I have this game on my list too, cross it off (B)
Scattergories
23.7%
Five of a kind (B)
Yachtzee
23.7%
Tarzan would be great at this game (V)
Pitfall
18.4%
First six player arcade game (V)
X men
18.4%
You need 5 D's to play (P/
B)
Dodgeball
13.2%
Ralph, Lizzie, and George (V)
Rampage
13.2%
First, last or tie (B)
Win lose or draw
10.5%
Sing your way across the board (B)
Encore
2.6%
The game of a thousand miles (C)
Mille Bournes
2.6%
Board with multiple layer, like an onion (B)
Inner Circle
0%
Quiz Playlist
Details
Report
Send in Message
Add To Playlist
More Info:
Letters indicate type of game. (C=Card game, V=Video game, B=Board game, P/S=Playground game or sport)
Classic:
Type in answers that appear in a list
Forced Order:
Answers have to be entered in order
Last Updated: Feb 16, 2017
Quiz Scoreboard
CHALLENGE
Sign Up to Join the Scoreboard
Show All
Scores
Hide
Comments
May contain spoilers
Recently Published
5x2 Blitz: Bands
by SL_Kpop136
Music
30s
Colored Red Africa Blitz
by spor1
Geography
30s
Find the 'City' Movie
by crazypaving
Movies
60s
More to Explore
Quiz From the Vault
Featured Blog Post
14 Easter Pick-up Lines to Find Eggs With
hide this ad
You Might Also Like...
Tags
Letter Quiz
A-Z
description
Today's Top Quizzes in Gaming
Browse Gaming
hide this ad
Today's Top Quizzes in Letter
Browse Letter
Top Contributed Quizzes in Gaming
1
Destiny 2 exotic weapons by perk icons
2
Legendary or Exotic?
3
Dead By Daylight Logic Puzzle
4
Genshin murder mystery
5
League of Legends Pro Players by Career/Team History
6
Overwatch Logic Puzzle
7
Stardew Mayhem 2: Electric Boogaloo
8
Windmill: Elements
9
Arcade Game Bunker
10
Valorant Utility Use (Up to Clove)
Explore More
Trending Topics
Anime
NBA
Disney
Marvel
Harry Potter
Kpop
Crossword
The Office
Puzzle
Song
Soccer
Country
Pokémon
WWE
NFL
hide this ad
More By:
Shep
Quiz
Plays
Rating
Category
Featured
Created
A-Z Games
38
2.00
Gaming
Jun 22, 2011
Go to Creator's Profile
Score Distribution
Quiz Creator Spotlight
Shep
Follow
Send a Message
Quizzes Created
-
Created Quiz Play Count
-
More By This Creator
Popular Quizzes Today
1
Find the 'City' Movie
2
5x2 Blitz: Bands
3
Colored Red Africa Blitz
4
Find the US States - No Outlines Minefield
5
The Countries of the World
6
Find the US States
7
9x9 Crossword: Cartoon Network
8
US States
More Gaming Quizzes
Monopoly Board Minefield (US)
Published
Trending Quizzes
Colored Red Europe Blitz I
Colored Red Africa Blitz II
Colored Red Europe Blitz III
Colored Red Europe Blitz II
Colored Red Africa Blitz III
Recently Updated
Champions League XIs: Real Madrid
pecheneg
Largest US Cities 1790-2010
pecheneg
Rides in Walt Disney World
pecheneg
Most Oscar Losses (Acting)
pecheneg
Beyoncé Albums
pecheneg
Leaping Animals
pecheneg
Reality TV Shows (A-Z)
bhenderson79
Rickey Henderson's Hall of Fame Teammates
pecheneg
Champions League XIs: Arsenal
pecheneg
Quick Pick: Celebrities in WWE's Hall of Fame
aduchscher
Trending Topics
NBA
Marvel
Crossword
Harry Potter
Anime
Disney
Kpop
Pokémon
Puzzle
Country
Soccer
The Office
NFL
WWE
Song
Your Account Isn't Verified!
In order to create a playlist on Sporcle, you need to verify the email address you used during registration. Go to your
Sporcle Settings
to finish the process.
Report this User
Report this user for behavior that violates our
Community Guidelines
.
Details:
Send Report
Go to the Sporcle.com Mobile Site →
Comments